00531nam a2200193Ia 4500008004100000041001200041082001200053100004800065245004200113260003400155300000800189365000800197520001200205546001200217630004200229650001200271655001200283730004200295101110s9999 xx 000 0 und d aENGLISH bSR31599 aBhole K.G., Shroff Adarsha, Ranade Abhay J. aA new course in physics Vol. II FYBSc c2008bSheth publishers,Mumbai a125 b125 aPhysics aENGLISH aA new course in physics Vol. II FYBSc aPhysics aPhysics aA new course in physics Vol. II FYBSc